Statistics for NBA Rookie of the Year Winners

Click here to take the quiz!

General Stats

  • This quiz has been taken 55 times
    (16 since last reset)
  • The average score is 28 of 42

Answer Stats

Year Winner Team % Correct
1999Vince CarterRaptors
100%
2009Derrick RoseBulls
100%
2004LeBron JamesCavaliers
100%
2008Kevin DurantSuperSonics
100%
1985Michael JordanBulls
92%
1993Shaquille O'NealMagic
92%
1995Jason KiddMavericks
92%
1998Tim DuncanSpurs
92%
2019Luka DoncicMavericks
92%
2016Karl-Anthony TownsTimberwolves
92%
1980Larry BirdCeltics
85%
2018Ben Simmons76ers
85%
1990David RobinsonSpurs
85%
2011Blake GriffinClippers
85%
1997Allen Iverson76ers
85%
2015Andrew WigginsTimberwolves
85%
2013Damian LillardTrail Blazers
85%
1992Larry JohnsonHornets
77%
2001Mike MillerMagic
77%
2017Malcolm BrogdonBucks
77%
2012Kyrie IrvingCavaliers
77%
2002Pau GasolGrizzlies
69%
1986Patrick EwingKnicks
69%
2006Chris PaulHornets
69%
2014Michael Carter-Williams76ers
62%
2005Emeka OkaforBobcats
62%
1982Buck WilliamsNets
54%
2003Amar'e StoudemireSuns
54%
1994Chris WebberWarriors
54%
2007Brandon RoyTrail Blazers
46%
1995Grant HillPistons
46%
2000Elton BrandBulls
46%
2010Tyreke EvansKings
46%
1984Ralph SampsonRockets
38%
2000Steve FrancisRockets
38%
1991Derrick ColemanNets
31%
1989Mitch RichmondWarriors
31%
1988Mark JacksonKnicks
31%
1996Damon StoudamireRaptors
31%
1987Chuck PersonPacers
23%
1983Terry CummingsClippers
23%
1981Darrell GriffithJazz
23%

Score Distribution

Percentile by Number Answered

Percent of People with Each Score

Your Score History

You have not taken this quiz since the last reset